A shadow in eternity (Record no. 155150)

MARC details
000 -LEADER
fixed length control field 00596nam a22002177a 4500
003 - CONTROL NUMBER IDENTIFIER
control field dpl
005 - DATE AND TIME OF LATEST TRANSACTION
control field 20180730151649.0
008 - FIXED-LENGTH DATA ELEMENTS--GENERAL INFORMATION
fixed length control field 180730b xxu||||| |||| 00| 0 eng d
010 ## - LIBRARY OF CONGRESS CONTROL NUMBER
LC control number B-228242
020 ## - INTERNATIONAL STANDARD BOOK NUMBER
Terms of availability 295.00
International Standard Book Number 8189013386
035 ## - SYSTEM CONTROL NUMBER
System control number B-228242
037 ## - SOURCE OF ACQUISITION
Source of stock number/acquisition BPPD/PUB
040 ## - CATALOGING SOURCE
Original cataloging agency DPL
Language of cataloging EN
Transcribing agency 0
082 ## - DEWEY DECIMAL CLASSIFICATION NUMBER
Classification number N
Item number DHA
100 ## - MAIN ENTRY--PERSONAL NAME
Personal name Dhar, Payal
245 ## - TITLE STATEMENT
Title A shadow in eternity
Statement of responsibility, etc Payal Dhar
260 ## - PUBLICATION, DISTRIBUTION, ETC. (IMPRINT)
Place of publication, distribution, etc New Delhi
Name of publisher, distributor, etc Penguin Book India Pvt. Ltd.
Date of publication, distribution, etc 2006
270 ## - ADDRESS
City New Delhi
Address 11 Community Center, Panchsheel Park
Postal code 110017
300 ## - PHYSICAL DESCRIPTION
Extent 329p.
Dimensions 23cm(pbk)
942 ## - ADDED ENTRY ELEMENTS (KOHA)
Source of classification or shelving scheme Dewey Decimal Classification
Koha item type English Books
Classification part N
Call number suffix DHA
Holdings
Withdrawn status Lost status Source of classification or shelving scheme Damaged status Not for loan Collection code Home library Current library Date acquired Source of acquisition Cost, normal purchase price Total Checkouts Full call number Barcode Checked out Date last seen Date checked out Cost, replacement price Price effective from Koha item type Total Renewals
    Dewey Decimal Classification     Fiction Sarojini Nagar Sarojini Nagar 07/02/2019     2 N DHA EN-065062   01/02/2020 10/01/2020   07/02/2019 English Books 3
    Dewey Decimal Classification     Fiction Shahdara Branch Shahdara Branch 30/07/2018 BPPD/PUB 295.00 1 N DHA B-228242 21/08/2020 07/08/2020 07/08/2020 295.00 30/07/2018 English Books  

© Delhi Public Library
Hit Counter
free hit counter